000 01227nam a2200313 a 4500
001 000001791
005 20250702123722.0
008 090629s2006 es a 001 0 spa d
020 _a8484321843
020 _a9788484321842
040 _aDO-SdBNP
_bspa
_cBNPHU
082 _a153.43
_bD155e
100 1 _aDamasio, Antonio R.
_95811
245 1 3 _aEl error de Descartes :
_bla emoción, la razón y el cerebro humano /
_cAntonio R. Damasio ; traducción Joandoménec Ros.
246 1 _aDescarte's error : emotion, reason and the human brain
260 _aBarcelona :
_bCrítica,
_c2006.
300 _a344 p. :
_bil. ;
_c19 cm.
490 1 _aBiblioteca de bolsillo
_v65
500 _aIncluye índice
500 _aLa biblioteca posee la cuarta impresión de 2006
504 _aIncluye notas y referencias bibliográficas (p. 305-327)
534 _pTítulo original en inglés:
_tDescarte's error : emotion, reason and the human brain
650 4 _aEmociones
_xAspectos psicológicos
_95812
650 4 _aRazón
_xAspectos psicológicos
_95813
650 0 _aNeuropsicología
_95814
700 1 _aRos, Joandoménec
_etr.
_95815
830 0 _aBiblioteca de bolsillo
_v65
_95816
910 _aValidado. Control de calidad MMOLINA
999 _c1668
_d1668